| 000 | 00674nam a2200217Ia 4500 | ||
|---|---|---|---|
| 003 | GCL | ||
| 008 | 140319s9999 xx 000 0 ara d | ||
| 040 |
_aGCL / _cGCL |
||
| 082 | 0 | 4 |
_a027.8 _bس م |
| 100 | 1 | _aسعد محمد الهجرسى | |
| 245 | 1 | 0 |
_aالمكتبات والمعلومات / _cسعد محمد الهجرسى |
| 260 |
_a[S.N] : _bالدار المصرية اللبنانية ، _c1993 |
||
| 300 | _a390 ص | ||
| 490 | _a | ||
| 650 | 0 | 4 | _aالمعلومات |
| 650 | 0 | 4 | _aالمكتبات الجامعية |
| 650 | 0 | 4 | _aالمعارف العامة |
| 650 | 0 | 4 | _aالمكتبات |
| 650 | 0 | 4 | _aالمكتبات المدرسية |
| 942 |
_2ddc _cBK |
||
| 999 |
_c29838 _d29838 |
||